00975nam a22002297a 450000500170000000800410001704100080005804400080006608200180007411000830009224501240017526000670029930000250036665000310039165000330042265000300045565000290048565000370051494200170055199900150056895201620058320200104041618.0130805b wau||||| |||| 00| 0 spa d aeng axxu a338.90bC253r aCAPRI (CGIAR Systemwide program on Collective Action and Proverty Rights91251 aResources, rights and cooperation : bA sourcebook on property rights and collective action for sustainable development aWashingtonbInternational Food Policy Research Institutec2010 a312 p.bil.,c30 cm.6 aDesarrollo sostenible92786 aDesarrollo económico91252 aPolítica Ambiental91766 aRecursos Naturales91253 9667aCooperación internacional 2ddccImpreso c7522d7522 00102ddc40708GENERALIINV2017aBogotabBogotad2013-08-05eInstitutog39000.00l0oLB 338.90 C253rp028541r2013-08-05 00:00:00tEj. 1w2013-08-05yLIBRO